000 00522nam a22001817a 4500
005 20251108173411.0
008 250721s2005 xx 000 0 ara d
082 1 4 _a219.9/ عيس
100 1 _aعيسى، محمد احمد
245 1 0 _aالعشرة المبشرون بالجنة /
264 1 _aالمنصورة :
_bدار الغد الجديد،
_c2005.
300 _a200ص.
650 1 7 _aالصحابة
650 1 7 _aالسيرة النبوية
650 1 7 _aالجنة
942 _2ddc
_cBK
999 _c103004
_d103004